Dlhodobá nezamestnanosť a jej vplyv na kvalitu života dlhodobo nezamestnaných

Charakteristika ľudí bez práce, informácia o možných dopadoch nezamestnanosti na ľudí a ich rodiny. Zmena kvality života. Dlhodobá nezamestnanosť ako závažný ekonomický a sociálny problém.

Gespeichert in:
Bibliographische Detailangaben
1. Verfasser: Benko, Ján
Format: Buchkapitel
Sprache:Slowakisch
Schlagworte:
Tags: Tag hinzufügen
Keine Tags, Fügen Sie das erste Tag hinzu!

MARC

LEADER 00000naa$a2200000$$$4500
001 0091490
005 20221128083622.6
041 0 |a slo 
044 |a SK 
245 1 0 |a Dlhodobá nezamestnanosť a jej vplyv na kvalitu života dlhodobo nezamestnaných  |c Ján Benko 
520 |a Charakteristika ľudí bez práce, informácia o možných dopadoch nezamestnanosti na ľudí a ich rodiny. Zmena kvality života. Dlhodobá nezamestnanosť ako závažný ekonomický a sociálny problém. 
610 2 0 |a nezamestnanosť dlhodobá 
610 2 0 |a kvalita života 
610 2 0 |a rodina 
610 2 0 |a Slovensko 
610 2 0 |a svet 
100 1 |a Benko, Ján